Lengua y literatura 1 : Prácticas del lenguaje /
Guardado en:
| Autor Principal: | |
|---|---|
| Formato: | Libro |
| Idioma: | Undetermined |
| Publicado: |
Buenos Aires :
Santillana,
2016.
|
| Edición: | 1era ed. |
| Series: | Contextos digitales
|
| Materias: | |
| Etiquetas: |
Agregar Etiqueta
Sin Etiquetas, Sea el primero en etiquetar este registro!
|
| LEADER | 00957nam a22002175a 4500 | ||
|---|---|---|---|
| 001 | CEM.cems025176 | ||
| 008 | 260513s2016####ag#a##########000#0#und#d | ||
| 005 | 20260513120744.0 | ||
| 245 | 1 | 0 | |a Lengua y literatura 1 : |b Prácticas del lenguaje / |c Eva Bisceglia; Sandra Ferreyra; María Rita Guido; Julia Elena. |
| 250 | |a 1era ed. | ||
| 260 | |a Buenos Aires : |b Santillana, |c 2016. | ||
| 300 | |a 176 p. : |b il. ; |c 27 cm. | ||
| 490 | 1 | |a Contextos digitales | |
| 505 | 0 | |a Cuentos de maravillas -- Leer un mito -- Leer una leyenda -- Relatos con moraleja -- Leer fábulas y una parábola -- Realidades imaginadas -- Entre la fantasía y la ciencia -- Relatos sorprendentes y espeluznantes -- Cuento fantástico -- Diálogos en escena | |
| 020 | |a 9789501304787 | ||
| 100 | 1 | |a Bisceglia, Eva, |d 2016. | |
| 082 | 0 | 4 | |a 468 |
| 653 | |a Prácticas del lenguaje | ||
| 653 | |a Lengua y Literatura | ||
| 653 | |a Lengua | ||
| 859 | |a CEMS |b BIB. CEMS - Agricultura |h 468 |i B541 |p A4151.26 |t Ej.1 | ||
